[Event "Open"]
[Site "Calcutta"]
[Date "2004.11.09"]
[Round "2"]
[White "Saptarshi, Roy Chowdhury"]
[Black "Ganguly, Surya Shekhar"]
[Result "0-1"]
[WhiteElo "2425"]
[BlackElo "2559"]
[PlyCount "74"]
[EventDate "2004.11.08"]
[Source "Roberto Alvarez"]
[SourceDate "2004.12.13"]

1. d4 d5 2. Nc3 Nf6 3. Bg5 Bf5 4. f3 Nbd7 5. Nxd5 Nxd5 6. e4 h6 7. Bh4 Ne3 8. Qd3 Nxf1 9. exf5 Nc5 10. Qb5+ c6 11. Qxc5 Ne3 12. Ke2 Nd5 13. Kf2 Qd7 14. c4 e6 15. fxe6 fxe6 16. Qa5 Bb4 17. Qa4 Nb6 18. Qd1 Nxc4 19. Ne2 Nd6 20. Bg3 O-O 21. Qc2 Ba5 22. Rad1 Bb6 23. Rhe1 Nf5 24. Be5 Rad8 25. Qc3 Qe7 26. Kg1 Rd5 27. Nf4 Rxe5 28. Rxe5 Nxd4 29. Ng6 Qf6 30. Kf1 Qxg6 31. Rxd4 Bxd4 32. Qxd4 Qb1+ 33. Re1 Qxa2 34. Qd7 Qxb2 35. Rxe6 a5 36. Re4 Qb1+ 37. Re1 Qf5 0-1

[Event "HUN-chT1"]
[Site "HUN"]
[Date "1995.??.??"]
[Round "?"]
[White "Tolnai, Tibor"]
[Black "Gyimesi, Zoltan"]
[Result "0-1"]
[WhiteElo "2470"]
[BlackElo "2500"]
[PlyCount "82"]
[EventDate "1995.??.??"]
[Source "www.chesslib.no"]
[SourceDate "2004.05.04"]

1. d4 d5 2. Nc3 Nf6 3. Bg5 Bf5 4. f3 Nbd7 5. Nxd5 Nxd5 6. e4 h6 7. Bh4 Ne3 8. Qd3 Nxf1 9. exf5 Nc5 10. Qc3 Na4 11. Qb4 Ne3 12. Qxa4+ c6 13. Bf2 Nxg2+ 14. Kf1 Nf4 15. Qb3 Qd7 16. Bg3 Nd5 17. c4 Nb6 18. Qd3 O-O-O 19. Rd1 e6 20. Qe2 exf5 21. Qe5 Bd6 22. Qxd6 Qxd6 23. Bxd6 Nxc4 24. Bf4 Nxb2 25. Rb1 Nd3 26. Be3 Rhe8 27. Bf2 Nxf2 28. Kxf2 Rxd4 29. h4 Rd2+ 30. Kg3 Rxa2 31. h5 Kc7 32. Rh4 b5 33. Rd4 a5 34. Rc1 g6 35. hxg6 fxg6 36. Rh4 b4 37. Rxh6 b3 38. Rxg6 Rc2 39. Rg7+ Kb6 40. Rb1 a4 41. Nh3 b2 0-1

[Event "Cannes op"]
[Site "Cannes"]
[Date "1996.??.??"]
[Round "6"]
[White "Khachian, Melikset"]
[Black "Strikovic, Aleksa"]
[Result "1-0"]
[WhiteElo "2440"]
[BlackElo "2520"]
[PlyCount "53"]
[EventDate "1996.02.??"]
[Source "ChessBase"]

1. d4 Nf6 2. Nc3 d5 3. Bg5 Bf5 4. f3 Bg6 5. Qd2 Nbd7 6. O-O-O e6 7. Nh3 Be7 8. Nf4 Ng8 9. Bxe7 Nxe7 10. e4 c6 11. h4 h6 12. Bd3 dxe4 13. Nxg6 Nxg6 14. Nxe4 Qc7 15. Qb4 O-O-O 16. Nd6+ Kb8 17. Bxg6 fxg6 18. Rhe1 Nb6 19. Ne4 Qf4+ 20. Kb1 Nd5 21. Qb3 Qxh4 22. Nc5 b6 23. a4 a5 24. Rxe6 Ka7 25. Rxc6 Qe7 26. Qb5 Ka8 27. c4 1-0

[Event "Czech Extra League"]
[Site "?"]
[Date "2000.??.??"]
[Round "?"]
[White "Jirovsky, Pa"]
[Black "Ftacnik, L."]
[Result "0-1"]
[WhiteElo "2345"]
[BlackElo "2605"]
[PlyCount "50"]
[EventDate "2000.??.??"]
[Source "www.chesslib.no"]
[SourceDate "2004.05.04"]

1. d4 Nf6 2. Nc3 d5 3. Bg5 Bf5 4. f3 Nbd7 5. Nxd5 Nxd5 6. e4 f6 7. Bh4 Be6 8. exd5 Bxd5 9. c4 Bf7 10. f4 e5 11. fxe5 Bb4+ 12. Kf2 g5 13. e6 Bxe6 14. a3 Be7 15. Bg3 O-O 16. Bd3 f5 17. Qe2 Bf7 18. Kf1 Bg6 19. Nf3 Bf6 20. Qe6+ Rf7 21. h4 Nf8 22. Qe2 f4 23. hxg5 fxg3 24. Bxg6 Nxg6 25. Rd1 Bxg5 0-1

[Event "II Campionato Italiano Lampo Online"]
[Site "playchess.com"]
[Date "2007.12.23"]
[Round "1.1"]
[White "Mazzilli, Piero"]
[Black "Sautto, Daniele"]
[Result "0-1"]
[WhiteElo "2420"]
[BlackElo "2527"]
[PlyCount "102"]
[EventDate "2007.12.23"]
[Source "www.chesslib.no"]
[SourceDate "2004.05.04"]

1. d4 d5 2. Nc3 Nf6 3. Bg5 Bf5 4. f3 Nbd7 5. Nxd5 Nxd5 6. e4 h6 7. Bh4 c6 8. exf5 Ne3 9. Qd3 Qa5+ 10. c3 Nxf5 11. b4 Qd5 12. Bf2 e6 13. Ne2 a5 14. g4 Nd6 15. Nf4 Qg5 16. Be3 axb4 17. Nxe6 Qh4+ 18. Bf2 Qe7 19. Bg2 Qxe6+ 20. Kf1 Qc4 21. Re1+ Kd8 22. Qxc4 Nxc4 23. cxb4 Rxa2 24. f4 Bxb4 25. Rc1 Ndb6 26. d5 cxd5 27. Rd1 Rd2 28. Ra1 Re8 29. Bf3 Kc7 30. Kg2 Ra8 31. Rac1 Raa2 32. Rhf1 Bc5 33. Bxd5 Rxf2+ 34. Rxf2 Rxf2+ 35. Kg3 Nxd5 36. Rxc4 Kd6 37. Rxc5 Kxc5 38. Kxf2 Nxf4 39. Kf3 g5 40. Ke4 b5 41. Ke3 b4 42. Kd2 Kd4 43. Kc2 Ke4 44. Kb3 Kf3 45. h3 Kg3 46. Kc4 Kxh3 47. Kb3 Kxg4 48. Kxb4 f5 49. Kc4 h5 50. Kd4 h4 51. Ke5 h3 0-1

[Event "Kecskemet Open"]
[Site "Kecskemet HUN"]
[Date "1987.??.??"]
[Round "?"]
[White "Brandics, Jozsef"]
[Black "Dietz, Holger"]
[Result "1-0"]
[WhiteElo "2370"]
[BlackElo "2560"]
[PlyCount "85"]
[EventDate "1987.06.??"]
[Source "www.chesslib.no"]
[SourceDate "2004.05.04"]

1. d4 Nf6 2. Nc3 d5 3. Bg5 Bf5 4. f3 Nbd7 5. g4 Bg6 6. Bg2 e6 7. e4 Be7 8. e5 Ng8 9. Bxe7 Qxe7 10. Nge2 h5 11. O-O Qh4 12. h3 O-O-O 13. Nf4 Ne7 14. Nce2 hxg4 15. hxg4 Nf8 16. c3 f5 17. exf6 gxf6 18. Qe1 Qh6 19. Kf2 e5 20. Rh1 Qg7 21. Rxh8 Qxh8 22. Nxg6 Nfxg6 23. Qd2 Qh4+ 24. Ng3 Nf4 25. Rh1 Qg5 26. Qe3 Nc6 27. Bf1 Re8 28. Bb5 Re6 29. Bxc6 bxc6 30. Nh5 Kd7 31. b4 Qg6 32. Nxf4 exf4 33. Qxf4 Qd3 34. Kg3 Kc8 35. Qf5 Qe3 36. b5 Kb7 37. bxc6+ Rxc6 38. Qxd5 Qxc3 39. Rb1+ Kc8 40. Qf5+ Kd8 41. Rb8+ Ke7 42. Qh7+ Kd6 43. Rd8+ 1-0

[Event "FRA-chT 9900"]
[Site "France"]
[Date "2000.04.30"]
[Round "10.7"]
[White "Vaisman, Volodia"]
[Black "Renet, Olivier"]
[Result "1/2-1/2"]
[WhiteElo "2385"]
[BlackElo "2510"]
[PlyCount "89"]
[EventDate "2000.02.04"]
[Source "www.chesslib.no"]
[SourceDate "2004.05.04"]

1. d4 Nf6 2. Nc3 d5 3. Bg5 Bf5 4. f3 Nbd7 5. Nxd5 Nxd5 6. e4 h6 7. Bh4 Ne3 8. Qd3 Nxf1 9. exf5 Nc5 10. Qb5+ c6 11. Qxc5 Ne3 12. Kf2 Nxf5 13. Qxf5 Qxd4+ 14. Kg3 g5 15. Qg4 gxh4+ 16. Kh3 Qxb2 17. Rd1 e6 18. Ne2 Qe5 19. Nd4 O-O-O 20. Rhe1 Qg5 21. f4 Qxg4+ 22. Kxg4 Rg8+ 23. Kh3 Bg7 24. Nf3 Bf6 25. Rxd8+ Rxd8 26. Re2 Rd1 27. Ne5 Bxe5 28. fxe5 Ra1 29. c3 Rc1 30. Kxh4 Kd7 31. Kh5 Rxc3 32. Kxh6 Rc4 33. Kg5 Ke7 34. h4 Rc1 35. h5 b5 36. g4 Rh1 37. Rc2 Re1 38. Rxc6 Rxe5+ 39. Kf4 Kf6 40. Ra6 Rc5 41. Rxa7 Rc4+ 42. Kf3 Rc3+ 43. Kf4 Rc5 44. Rc7 Rd5 45. Ra7 1/2-1/2

[Event "Parnu"]
[Site "Parnu EST"]
[Date "1971.??.??"]
[Round "9"]
[White "Nei, Iivo"]
[Black "Tarve, Udo"]
[Result "1-0"]
[WhiteElo "2500"]
[BlackElo "2380"]
[PlyCount "67"]
[EventDate "1971.06.??"]
[Source "www.chesslib.no"]
[SourceDate "2004.05.04"]

1. d4 Nf6 2. Nc3 d5 3. Bg5 Bf5 4. f3 c6 5. Qd2 Nbd7 6. O-O-O h6 7. Bf4 e6 8. g4 Bh7 9. e3 Qa5 10. Bd3 Nb6 11. Nge2 Bxd3 12. cxd3 O-O-O 13. Kb1 Na4 14. Nxa4 Qxa4 15. Nc3 Qb4 16. h4 Bd6 17. a3 Qb3 18. Bxd6 Rxd6 19. Qh2 Rd7 20. Qe5 Ne8 21. g5 Re7 22. Rc1 f6 23. Qf4 e5 24. Qf5+ Kb8 25. gxf6 gxf6 26. dxe5 fxe5 27. d4 exd4 28. Qf4+ Ka8 29. Qxd4 Rhh7 30. Nxd5 Rd7 31. Rhd1 Nd6 32. Nf6 Nc4 33. Qxc4 Qxc4 34. Rxd7 1-0

[Event "Oslo CI"]
[Site "Oslo"]
[Date "1973.??.??"]
[Round "3"]
[White "Kovacevic, Vlatko"]
[Black "Ogaard, Leif"]
[Result "1/2-1/2"]
[WhiteElo "2485"]
[BlackElo "2385"]
[PlyCount "133"]
[EventDate "1973.??.??"]
[Source "ChessBase"]

1. d4 Nf6 2. Nc3 d5 3. Bg5 Bf5 4. f3 Bg6 5. e3 e6 6. Bd3 c5 7. f4 Bxd3 8. Qxd3 Nbd7 9. Nge2 Be7 10. O-O O-O 11. Ng3 Rc8 12. Nce2 g6 13. c3 Ne8 14. Bxe7 Qxe7 15. e4 dxe4 16. Nxe4 Nef6 17. N2g3 Rfd8 18. Rad1 Nxe4 19. Nxe4 Nf6 20. Qe3 cxd4 21. Rxd4 Rxd4 22. Qxd4 Nxe4 23. Qxe4 Qc5+ 24. Kh1 Qb5 25. Rf2 Rd8 26. g4 Rd1+ 27. Kg2 Qd7 28. f5 exf5 29. gxf5 Rd5 30. h4 Qc6 31. Kh3 Qd7 32. Kg2 gxf5 33. Qe3 Qe6 34. Qxa7 Qe4+ 35. Kh2 Qxh4+ 36. Kg2 Qg5+ 37. Kh2 Qh6+ 38. Kg2 Qg6+ 39. Kf1 Rd1+ 40. Ke2 Qg4+ 41. Rf3 Qe4+ 42. Kxd1 Qxf3+ 43. Ke1 f4 44. Qg1+ Qg3+ 45. Kf1 h5 46. a4 h4 47. a5 h3 48. b4 Kh7 49. Qxg3 fxg3 50. b5 f5 51. a6 bxa6 52. bxa6 h2 53. Kg2 f4 54. a7 f3+ 55. Kxg3 h1=Q 56. a8=Q Qg1+ 57. Kh3 Qg2+ 58. Kh4 Qh2+ 59. Kg4 Qg1+ 60. Kh3 Qe3 61. Qb7+ Kg6 62. Qc6+ Kf5 63. Qd5+ Kf4 64. Qf7+ Ke4 65. Qh7+ Kd5 66. Qf7+ Kc6 67. Qc4+ 1/2-1/2

[Event "Orense op"]
[Site "?"]
[Date "1996.??.??"]
[Round "?"]
[White "Strikovic Aleksa"]
[Black "Candela Perez Jose"]
[Result "0-1"]
[WhiteElo "2520"]
[BlackElo "2345"]
[PlyCount "84"]
[EventDate "1996.??.??"]
[Source "www.chesslib.no"]
[SourceDate "2004.05.04"]

1. d4 Nf6 2. Nc3 d5 3. Bg5 Bf5 4. f3 c6 5. Qd2 Nbd7 6. O-O-O Qa5 7. Kb1 e6 8. e4 dxe4 9. fxe4 Bg6 10. e5 Nd5 11. Nxd5 Qxd5 12. Nh3 Nb6 13. Nf4 Qd7 14. Nxg6 hxg6 15. c4 Be7 16. Be3 Qc7 17. Qf2 Rd8 18. Bd3 c5 19. d5 exd5 20. cxd5 Rxd5 21. Bb5+ Kf8 22. Bf4 Qd8 23. Qf3 g5 24. Bg3 g6 25. Bc4 g4 26. Rxd5 gxf3 27. Rxd8+ Bxd8 28. Bf1 Bh4 29. Bxh4 Rxh4 30. gxf3 Nd7 31. e6 fxe6 32. Bd3 Ne5 33. Be4 b6 34. Kc2 Kg7 35. Kd2 g5 36. b3 Kf6 37. a4 Rh3 38. Ke2 g4 39. f4 Ng6 40. Rf1 Rxh2+ 41. Kd3 g3 42. Ke3 Rb2 0-1

[Event "BL2-W 9697"]
[Site "?"]
[Date "1997.??.??"]
[Round "?"]
[White "Vogler Tilmann"]
[Black "Haba Petr"]
[Result "0-1"]
[WhiteElo "2340"]
[BlackElo "2520"]
[PlyCount "76"]
[EventDate "1997.??.??"]
[Source "www.chesslib.no"]
[SourceDate "2004.05.04"]

1. d4 d5 2. Nc3 Nf6 3. Bg5 Bf5 4. f3 Nbd7 5. Qd2 e6 6. O-O-O Bb4 7. g4 Bg6 8. h4 h6 9. Bf4 c5 10. e4 Bxe4 11. fxe4 Nxe4 12. Qh2 Bxc3 13. Bc7 Qe7 14. bxc3 c4 15. Kb2 Nb6 16. Bxb6 axb6 17. a4 O-O 18. Ra1 Qd7 19. Bg2 Nf2 20. Ne2 Nxh1 21. Bxh1 Rxa4 22. Rxa4 Qxa4 23. Bf3 Ra8 24. Kc1 Qa1+ 25. Kd2 Qf1 26. Ke3 Qd1 27. g5 Qxc2 28. gxh6 gxh6 29. Qf4 Qg6 30. Qe5 b5 31. Ng3 b4 32. Kf2 bxc3 33. Nh5 c2 34. Nf4 Qg7 35. Qe3 Ra1 36. Ne2 Qf6 37. Qc3 Qxh4+ 38. Ke3 Qg5+ 0-1

[Event "Prerov Friendship GM"]
[Site "Prerov"]
[Date "2001.12.10"]
[Round "7"]
[White "Heberla, Bartolomiej"]
[Black "Berzinsh, Roland"]
[Result "0-1"]
[WhiteElo "2390"]
[BlackElo "2464"]
[PlyCount "58"]
[EventDate "2001.12.04"]
[Source "ChessBase"]
[SourceDate "2002.03.21"]

1. Nc3 Nf6 2. d4 d5 3. Bg5 Bf5 4. f3 c6 5. e3 Nbd7 6. Bd3 Bxd3 7. Qxd3 Qa5 8. Nge2 e6 9. O-O Be7 10. a3 O-O 11. b4 Qc7 12. Bf4 e5 13. dxe5 Nxe5 14. Qd4 Bd6 15. Ng3 Nc4 16. Bxd6 Qxd6 17. e4 Qf4 18. Nf5 Rfe8 19. Rad1 Nxa3 20. g3 Qe5 21. Qd2 h6 22. f4 Qe6 23. Nd4 Nxe4 24. Qd3 Qf6 25. Nxd5 cxd5 26. Qxa3 Rec8 27. Rd3 Rc4 28. Rfd1 Qb6 29. Kg2 Rac8 0-1

[Event "Beersheba"]
[Site "Beersheba"]
[Date "1978.??.??"]
[Round "3"]
[White "Pasman, Michael"]
[Black "Kraidman, Yair"]
[Result "0-1"]
[WhiteElo "2395"]
[BlackElo "2455"]
[PlyCount "64"]
[EventDate "1978.02.??"]
[Source "ChessBase"]

1. d4 Nf6 2. Nc3 d5 3. Bg5 Bf5 4. f3 h6 5. Bh4 Nbd7 6. Nxd5 Nxd5 7. e4 Bxe4 8. fxe4 Ne3 9. Qd3 Nxf1 10. Qxf1 c6 11. O-O-O Qa5 12. Qc4 e6 13. d5 Nb6 14. Qb3 Be7 15. Bxe7 Kxe7 16. Nf3 cxd5 17. exd5 exd5 18. Rde1+ Kf8 19. Ne5 Kg8 20. Qf3 Rf8 21. Kb1 h5 22. Qf5 Rh6 23. Re3 d4 24. Ra3 Qd5 25. Rg3 Re6 26. Re1 Nc4 27. Qg5 g6 28. Qxh5 Nxe5 29. a3 d3 30. c3 d2 31. Rd1 Qe4+ 32. Ka2 Qc2 0-1

[Event "Corr"]
[Site "?"]
[Date "2000.09.25"]
[Round "?"]
[White "Christiansen Tonny (DEN)"]
[Black "Marcinkiewicz Jan (POL)"]
[Result "1/2-1/2"]
[WhiteElo "2400"]
[BlackElo "2428"]
[PlyCount "33"]
[EventDate "2000.??.??"]
[Source "www.chesslib.no"]
[SourceDate "2004.05.04"]

1. Nc3 d5 2. d4 Nf6 3. Bg5 Bf5 4. f3 Nbd7 5. Nxd5 Nxd5 6. e4 f6 7. Bd2 Be6 8. exd5 Bxd5 9. c4 Bf7 10. Qe2 e5 11. f4 Qe7 12. dxe5 fxe5 13. Nf3 exf4 14. O-O-O O-O-O 15. Bxf4 h6 16. Qxe7 Bxe7 17. Bd3 1/2-1/2

[Event "Abihome op"]
[Site "Brussels"]
[Date "2000.10.08"]
[Round "7"]
[White "Meijer, Dolf"]
[Black "Van den Doel, Erik"]
[Result "0-1"]
[WhiteElo "2271"]
[BlackElo "2547"]
[PlyCount "80"]
[EventDate "2000.10.07"]
[Source "www.chesslib.no"]
[SourceDate "2004.05.04"]

1. d4 Nf6 2. Nc3 d5 3. Bg5 Bf5 4. f3 Nbd7 5. Nxd5 Nxd5 6. e4 h6 7. Bh4 c6 8. Qd2 Qb6 9. c3 Bh7 10. exd5 cxd5 11. Ne2 e6 12. Nc1 Bd6 13. Bd3 Bxd3 14. Nxd3 Qc7 15. O-O-O b5 16. Kb1 a5 17. f4 O-O 18. g4 b4 19. cxb4 axb4 20. b3 Ra3 21. Rhf1 Nb8 22. f5 Nc6 23. f6 Rfa8 24. Nc1 Na7 25. fxg7 Nb5 26. Rf3 Bf4 27. Qxf4 Nc3+ 28. Kc2 Qxf4 29. Rxf4 Rxa2+ 30. Nxa2 Rxa2+ 31. Kd3 Nxd1 32. Rf1 Rxh2 33. Rxd1 Rxh4 34. Rg1 Rh3+ 35. Kc2 Rc3+ 36. Kb2 Rd3 37. g5 h5 38. g6 f6 39. Re1 Kxg7 40. Rxe6 Kxg6 0-1

[Event "ARM Ch"]
[Site "Erevan ARM"]
[Date "1994.??.??"]
[Round "?"]
[White "Khachiyan, Melikset"]
[Black "Yegiazarian, Arsen"]
[Result "0-1"]
[WhiteElo "2390"]
[BlackElo "2400"]
[PlyCount "42"]
[EventDate "1994.??.??"]
[Source "www.chesslib.no"]
[SourceDate "2004.05.04"]

1. d4 Nf6 2. Nc3 d5 3. Bg5 Bf5 4. f3 Bg6 5. Qd2 e6 6. O-O-O Bb4 7. a3 Bxc3 8. Qxc3 Ne4 9. fxe4 Qxg5+ 10. e3 Bxe4 11. Qxc7 Qxe3+ 12. Kb1 O-O 13. Qxb7 Nc6 14. Qxc6 Rfc8 15. Qa4 Rab8 16. Bd3 Bxd3 17. Rxd3 Qe1+ 18. Ka2 Qf1 19. Qxa7 Qxg2 20. Rf3 Rxb2+ 21. Ka1 Rb1+ 0-1

[Event "JUG-chT2"]
[Site "Tivat"]
[Date "1995.??.??"]
[Round "1"]
[White "Maksimovic, Branimir"]
[Black "Mitrovic, Petar"]
[Result "1-0"]
[WhiteElo "2380"]
[BlackElo "2390"]
[PlyCount "91"]
[EventDate "1995.??.??"]
[Source "www.chesslib.no"]
[SourceDate "2004.05.04"]

1. d4 Nf6 2. Nc3 d5 3. Bg5 Bf5 4. f3 Bg6 5. Qd2 Nc6 6. e4 dxe4 7. d5 Nb8 8. O-O-O e5 9. fxe4 Bb4 10. Nf3 Qd6 11. Bb5+ Nbd7 12. Bxf6 gxf6 13. Bxd7+ Qxd7 14. Qe3 Qe7 15. d6 Bxd6 16. Nd5 Qe6 17. Nh4 c6 18. Nf5 O-O-O 19. Ng7 Qg4 20. Nxf6 Qf4 21. Qxf4 exf4 22. Nf5 Bc5 23. c3 Kc7 24. Rhf1 Be3+ 25. Nxe3 fxe3 26. Rfe1 Rxd1+ 27. Rxd1 h5 28. Rd7+ Kc8 29. Rd3 e2 30. Kd2 Rd8 31. Kxe2 Rxd3 32. Kxd3 Kc7 33. Ke3 Kd6 34. Kf4 Ke6 35. e5 b5 36. b4 Ke7 37. h4 Ke6 38. g4 hxg4 39. Nxg4 Kd5 40. h5 Bxh5 41. Nf6+ Kc4 42. Nxh5 Kxc3 43. Kf5 Kxb4 44. Kf6 c5 45. Kxf7 c4 46. Nf4 1-0

[Event "Cto Espana Equipos OBERENA-DAMA NEGRA"]
[Site "?"]
[Date "1998.??.??"]
[Round "5"]
[White "De la Villa, J."]
[Black "Andres, I."]
[Result "1-0"]
[WhiteElo "2500"]
[BlackElo "2270"]
[PlyCount "74"]
[EventDate "1998.??.??"]
[Source "www.chesslib.no"]
[SourceDate "2004.05.04"]

1. d4 Nf6 2. Bg5 d5 3. Nc3 Bf5 4. f3 Nbd7 5. e3 e6 6. Nge2 Be7 7. g4 Bg6 8. Nf4 Ng8 9. Bxe7 Nxe7 10. Qd2 a6 11. O-O-O c6 12. h4 h6 13. e4 Qa5 14. Kb1 Qc7 15. Bd3 dxe4 16. Nxe4 O-O-O 17. Nxg6 Nxg6 18. Qb4 Nb6 19. Nc5 Nf4 20. Rhe1 Nbd5 21. Qa3 a5 22. Bf1 b6 23. Ne4 Qe7 24. Qa4 Kb7 25. c4 Qb4 26. Qxb4 Nxb4 27. a3 Na6 28. c5 Rhf8 29. Nd6+ Ka7 30. cxb6+ Kxb6 31. Nc4+ Kc7 32. Nxa5 Nb8 33. b4 Rd7 34. Nb3 Rfd8 35. Rc1 Kb6 36. b5 Rd6 37. Rc2 Nd5 1-0

[Event "Bad Woerishofen op 14th"]
[Site "?"]
[Date "1998.??.??"]
[Round "7"]
[White "Laengl Juergen"]
[Black "Miezis Normunds"]
[Result "0-1"]
[WhiteElo "2260"]
[BlackElo "2505"]
[PlyCount "82"]
[EventDate "1998.??.??"]
[Source "www.chesslib.no"]
[SourceDate "2004.05.04"]

1. d4 Nf6 2. Nc3 d5 3. Bg5 Bf5 4. f3 Bg6 5. Nh3 e6 6. Nf4 c5 7. e3 cxd4 8. exd4 Nc6 9. Bb5 a6 10. Bxc6+ bxc6 11. a3 Bd6 12. Nce2 Qb8 13. Qc1 Nd7 14. Nxg6 hxg6 15. Bf4 Bxf4 16. Nxf4 c5 17. dxc5 Qe5+ 18. Kf2 Nxc5 19. Re1 Qf5 20. Qe3 Rc8 21. Kg1 g5 22. Nh3 g4 23. fxg4 Qxg4 24. Nf2 Qg6 25. Rad1 O-O 26. Qe2 f5 27. c4 f4 28. Kh1 Rce8 29. b4 Na4 30. Qe5 dxc4 31. Ne4 Qf5 32. Nd6 Qxe5 33. Rxe5 Rd8 34. Rxe6 c3 35. Rc1 Rf6 36. Rxf6 gxf6 37. Ne4 c2 38. Nf2 Rd2 39. Kg1 Nc3 40. Kf1 Na2 41. Ke1 Rxf2 0-1

[Event "ITA-ch38"]
[Site "Castelvecchio Pascoli"]
[Date "1977.??.??"]
[Round "11"]
[White "Taruffi, Daniele"]
[Black "Toth, Bela"]
[Result "0-1"]
[WhiteElo "2325"]
[BlackElo "2440"]
[PlyCount "46"]
[EventDate "1977.??.??"]
[Source "www.chesslib.no"]
[SourceDate "2004.05.04"]

1. d4 Nf6 2. Nc3 d5 3. Bg5 Bf5 4. f3 Bg6 5. e4 dxe4 6. Bxf6 exf6 7. Nxe4 Be7 8. c3 O-O 9. Bd3 f5 10. Nf2 c5 11. Ne2 Nc6 12. dxc5 Bxc5 13. O-O Ne5 14. Nf4 Qb6 15. b4 Bxf2+ 16. Rxf2 Rad8 17. Qe2 Rfe8 18. Bb5 Nd3 19. Bxe8 Nxf4 20. Qb5 Qe3 21. Bd7 Nd3 22. Raf1 Nxf2 23. Rxf2 Qe7 0-1

[Event "NOR-ch"]
[Site "Gausdal"]
[Date "1999.07.07"]
[Round "6"]
[White "Fyllingen, Roy Harald"]
[Black "Dannevig, Oystein"]
[Result "1-0"]
[WhiteElo "2410"]
[BlackElo "2350"]
[PlyCount "103"]
[EventDate "1999.07.03"]
[Source "ChessBase"]
[SourceDate "1999.09.14"]

1. d4 Nf6 2. Nc3 d5 3. Bg5 Bf5 4. f3 Nbd7 5. Nxd5 Nxd5 6. e4 h6 7. Bh4 c6 8. exf5 Ne3 9. Qd2 Nxf5 10. Bf2 g6 11. Bd3 Bg7 12. Ne2 Nb6 13. c3 e6 14. Ng3 h5 15. Nxf5 gxf5 16. O-O-O Nd5 17. f4 Nxf4 18. Bf1 Nd5 19. Kb1 Bh6 20. Qe1 Qg5 21. Rd3 f4 22. g3 Qf5 23. Ka1 Ne3 24. Qb1 O-O-O 25. gxf4 Nxf1 26. Rxf1 Rhg8 27. Bh4 Rde8 28. Bg5 Bf8 29. Re3 Bd6 30. h3 Kd7 31. Qd1 f6 32. Bh4 Rg2 33. Qb3 b5 34. a4 a6 35. Rfe1 Rh2 36. c4 b4 37. d5 Bxf4 38. dxe6+ Kc7 39. Rf3 Kc8 40. Bg3 Rxh3 41. Bxf4 Rxe6 42. Qxb4 Rxf3 43. Qf8+ Kd7 44. Qf7+ Kd8 45. Rxe6 Rf1+ 46. Ka2 Qb1+ 47. Kb3 Rf3+ 48. Kb4 Qxb2+ 49. Kc5 Qa3+ 50. Kb6 Rb3+ 51. Ka7 Qc5+ 52. Ka8 1-0

[Event "Hamburg IM"]
[Site "?"]
[Date "2000.10.17"]
[Round "1"]
[White "Berger Steve"]
[Black "Berzinsh Roland"]
[Result "0-1"]
[WhiteElo "2320"]
[BlackElo "2435"]
[PlyCount "36"]
[EventDate "2000.??.??"]
[Source "www.chesslib.no"]
[SourceDate "2004.05.04"]

1. d4 Nf6 2. Nc3 d5 3. Bg5 Bf5 4. f3 Nbd7 5. Qd2 h6 6. Bh4 e6 7. O-O-O Bh7 8. a3 Be7 9. Qe1 c5 10. dxc5 d4 11. Nb5 Bxc5 12. e3 dxe3 13. Bxf6 Qxf6 14. Nc7+ Ke7 15. Qa5 Rac8 16. Bb5 Nb6 17. Ne8 Rhxe8 18. Bxe8 Kxe8 0-1

[Event "Szekszard op"]
[Site "Szekszard"]
[Date "1994.??.??"]
[Round "3"]
[White "Varga, Zoltan"]
[Black "Taskovits, Istvan"]
[Result "1-0"]
[WhiteElo "2480"]
[BlackElo "2270"]
[PlyCount "99"]
[EventDate "1994.??.??"]
[Source "ChessBase"]

1. d4 d5 2. Nc3 Nf6 3. Bg5 Bf5 4. f3 Nbd7 5. Nxd5 Nxd5 6. e4 h6 7. Bh4 c6 8. Qd2 Qb6 9. c3 Bh7 10. exd5 cxd5 11. Nh3 e6 12. Nf2 Bd6 13. Bg3 Qc7 14. Bxd6 Qxd6 15. Bb5 a6 16. Bxd7+ Qxd7 17. Ng4 Qd6 18. O-O O-O 19. Rfe1 b5 20. a3 Rab8 21. Ne5 a5 22. a4 f6 23. Nd3 Bxd3 24. Qxd3 b4 25. Rac1 bxc3 26. Qxc3 Rb4 27. Qc5 Qxc5 28. Rxc5 Rxa4 29. Rxe6 Rb8 30. Re2 Rxd4 31. Rxa5 Rdb4 32. Ra7 Rxb2 33. Ree7 g5 34. h4 Rd8 35. Rg7+ Kh8 36. Rh7+ Kg8 37. Rxh6 gxh4 38. Rg6+ Kh8 39. Rh6+ Kg8 40. Rg6+ Kh8 41. Rxf6 d4 42. Rh6+ Kg8 43. Ra1 d3 44. Rxh4 d2 45. Rd1 Rc2 46. Kf2 Rc1 47. Rhh1 Rdc8 48. Ke2 R8c2 49. Rh4 Ra2 50. Rxd2 1-0

[Event "ESP Ch"]
[Site "Canete"]
[Date "1994.??.??"]
[Round "?"]
[White "Llanes Hurtado, Miguel"]
[Black "Garcia Gomez, PJ."]
[Result "1/2-1/2"]
[WhiteElo "2285"]
[BlackElo "2450"]
[PlyCount "42"]
[EventDate "1994.??.??"]
[Source "www.chesslib.no"]
[SourceDate "2004.05.04"]

1. d4 Nf6 2. Nc3 d5 3. Bg5 Bf5 4. f3 Nc6 5. e4 dxe4 6. d5 Nb4 7. Bxf6 exf3 8. Nxf3 Nxc2+ 9. Qxc2 Bxc2 10. Bb5+ c6 11. dxc6 exf6 12. c7+ Qd7 13. Nd4 Bg6 14. O-O-O a6 15. Bxd7+ Kxd7 16. Ndb5+ Kc6 17. c8=Q+ Rxc8 18. Na7+ Kc7 19. Nd5+ Kb8+ 20. Nxc8 Kxc8 21. Rhe1 Bd6 1/2-1/2

[Event "BL2-W 9394"]
[Site "GER"]
[Date "1993.??.??"]
[Round "?"]
[White "Vogler, Tilmann"]
[Black "Unzicker, Wolfgang"]
[Result "0-1"]
[WhiteElo "2295"]
[BlackElo "2440"]
[PlyCount "72"]
[EventDate "1993.10.??"]
[Source "www.chesslib.no"]
[SourceDate "2004.05.04"]

1. d4 Nf6 2. Nc3 d5 3. Bg5 Bf5 4. f3 c6 5. Qd2 Nbd7 6. O-O-O h6 7. Bxf6 Nxf6 8. e4 Bh7 9. e5 Nd7 10. e6 fxe6 11. Bd3 g6 12. f4 Bg7 13. Nf3 c5 14. Rhe1 cxd4 15. Nb5 Nc5 16. Nbxd4 Qd6 17. Bb5+ Kf7 18. Ne5+ Kg8 19. Qe3 Rf8 20. g3 Bf6 21. Bf1 Kg7 22. Bh3 Bg8 23. c3 a6 24. Qe2 Ne4 25. Ndf3 Rc8 26. Qc2 Qb6 27. Rxe4 dxe4 28. Qxe4 Bf7 29. Nd4 Rhd8 30. Nxe6+ Bxe6 31. Qxg6+ Kf8 32. Rxd8+ Rxd8 33. Qxh6+ Bg7 34. Ng6+ Kf7 35. Ne5+ Bxe5 36. Qh5+ Kf8 0-1

[Event "SWE Ch"]
[Site "Malmo SWE"]
[Date "1986.??.??"]
[Round "?"]
[White "Hector, Jonny"]
[Black "Fridh, Anton"]
[Result "1-0"]
[WhiteElo "2465"]
[BlackElo "2265"]
[PlyCount "97"]
[EventDate "1986.07.??"]
[Source "www.chesslib.no"]
[SourceDate "2004.05.04"]

1. Nc3 d5 2. d4 Nf6 3. Bg5 Bf5 4. f3 Nbd7 5. Qd2 h6 6. Bh4 e6 7. e3 c6 8. Nge2 Be7 9. Bf2 b5 10. g4 Bh7 11. Ng3 Nb6 12. h4 b4 13. Nd1 Nfd7 14. Nh5 g6 15. Nf4 e5 16. Ng2 Qc7 17. b3 a5 18. Bg3 Bd6 19. Nf2 O-O-O 20. a3 exd4 21. Bxd6 Qxd6 22. exd4 Qg3 23. Rh3 Qd6 24. axb4 axb4 25. Nd3 c5 26. Kd1 Qf6 27. Qf4 Qxf4 28. Ngxf4 g5 29. dxc5 Nxc5 30. Nxc5 gxf4 31. Ra7 Rd6 32. Ba6+ Kb8 33. Rb7+ Ka8 34. Rxf7 Bg6 35. Rxf4 d4 36. Kd2 Rhd8 37. Rh1 Ka7 38. Ra1 Nd5 39. Bd3+ Kb6 40. Na4+ Kc7 41. Rxd4 Bxd3 42. cxd3 Rf6 43. Rc1+ Kd6 44. Nb6 Ke5 45. Re4+ Kd6 46. Nxd5 Kxd5 47. Rcc4 Ra8 48. Red4+ Ke6 49. Rc6+ 1-0

[Event "Australian op"]
[Site "Suncoast"]
[Date "1999.01.06"]
[Round "5"]
[White "Goldsmith, Alan"]
[Black "Solomon, Stephen J"]
[Result "0-1"]
[WhiteElo "2285"]
[BlackElo "2435"]
[PlyCount "62"]
[EventDate "1999.01.??"]
[Source "ChessBase"]
[SourceDate "1999.03.01"]

1. d4 d5 2. Nc3 Nf6 3. Bg5 Bf5 4. f3 Nbd7 5. Nxd5 Nxd5 6. e4 h6 7. Bh4 N7b6 8. Bf2 Bh7 9. exd5 Qxd5 10. Ne2 e6 11. Nf4 Qa5+ 12. c3 Bd6 13. Bg3 O-O-O 14. Bd3 e5 15. Ne2 exd4 16. b4 Qg5 17. Bxh7 Rxh7 18. cxd4 Bxb4+ 19. Kf2 Nd5 20. Qd3 Rhh8 21. Rhc1 Rhe8 22. Rc2 Re6 23. Rac1 Ba5 24. h4 Qe7 25. Nf4 Nxf4 26. Bxf4 Qxh4+ 27. Bg3 Qxd4+ 28. Qxd4 Rxd4 29. Bxc7 Rd2+ 30. Rxd2 Bxd2 31. Rc2 Be3+ 0-1